000 01588nam a2200349Ia 4500
999 _c5433
_d5433
003 OSt
005 20200604133635.0
008 191128s1985 mx ad gr 000 0 spa d
020 _a968727008X
040 _aCO-JMCR
_cCO-JMCR
041 1 _aspa
_heng
082 0 4 _a330.1 /
_bC144m
_223
100 1 _aCall, Steven T.,
_eautor
_94953
245 1 0 _aMicroeconomía /
_cSteven T. Call, William L. Holahan ; traductores Eduardo Pérez Mota, Carlos Petersen, Román de la Fuente de la Cruz [y otros] ; revisores Ma. Elena Torres Chimal, Luis Zambrano Sequín [y otros]
260 _aMéxico :
_bGrupo Editorial Iberoamérica,
_c1985
300 _a594 páginas :
_bgráficos a blanco y negro ;
_c24 cm.
300 _c 24 cm
500 _aIncluye glosario páginas 577-594.
505 _aEl estudio de la microeconomía -- Oferta y demanda -- El comportamiento del consumidor, la demanda y la elasticidad -- Ampliación y aplicación de la teoría de la demanda -- La producción -- Los costos de producción -- Competencia -- Temas avanzados
534 _pMicroeconomics
546 _aTraducido del inglés
650 1 4 _aMicroeconomía
_94954
650 2 4 _aCostos Demanda
_94955
650 2 4 _aTeoría económica
_94956
700 1 _aHolahan, William L.,
_eautor
_94957
700 1 _aPérez Mota, Eduardo, ;
_etraductor
_94958
700 1 _aPetersen, Carlos,
_etraductor
_94959
700 1 _aFuente de la Cruz, Román de la,
_etraductor
_94960
700 1 _aTorres Chimal, Ma. Elena,
_erevisor
_94961
700 1 _aZambrano Sequín, Luis,
_erevisor
_94962
942 _2ddc
_cBK